|
|
|
|
| LEADER |
00904nam a22002532i 4500 |
| 001 |
001544058 |
| 003 |
CZ BrMZK |
| 005 |
20170223135029.0 |
| 007 |
ta |
| 008 |
160919s1978 gw er|||||||||||ger d |
| 040 |
|
|
|a OLA001
|b cze
|d BOA001
|e rda
|
| 100 |
1 |
|
|a Storch, Herbert
|4 dis
|
| 245 |
1 |
0 |
|a Botulismus in Bayern :
|b Epidemiologie, klinische Aspekte und Therapie /
|c von Herbert Storch
|
| 264 |
|
1 |
|a Würzburg :
|b Herbert Storch,
|c 1978
|
| 300 |
|
|
|a 56, 7 stran
|
| 336 |
|
|
|a text
|b txt
|2 rdacontent
|
| 337 |
|
|
|a bez média
|b n
|2 rdamedia
|
| 338 |
|
|
|a svazek
|b nc
|2 rdacarrier
|
| 502 |
|
|
|a Disertace--Bayerische Julius-Maximilians-Universität Würzburg, 1978
|
| 710 |
2 |
|
|a Bayerische Julius-Maximilians-Universität Würzburg
|7 xx0121109
|4 isb
|
| 910 |
|
|
|a BOA001
|b X-0811.547
|
| 990 |
|
|
|a BK
|
| 991 |
|
|
|b 201609
|
| 996 |
7 |
|
|b 2619179922
|c X-0811.547
|l MZK
|r Sklad / do 24 hodin
|n 0
|w 001579199
|u 000010
|a 1
|e BOA001
|j MZK50
|s A
|